000 02919cam a2200301 4500500
005 20260222002745.0
041 _afre
042 _adc
100 1 0 _aBourblanc, Magalie
_eauthor
700 1 0 _aBlanchon, David
_eauthor
245 0 0 _aGérer ou gouverner la ressource en eau ? Modélisation en temps réel et gestion de la pénurie au sein de la rivière Crocodile (Afrique du Sud)
260 _c2017.
500 _a98
520 _aNous analysons dans cet article trois dispositifs sociotechniques de gestion de la pénurie en eau mis en œuvre sur la rivière Crocodile en Afrique du Sud : un processus de réallocation de la ressource ( compulsory licensing), un modèle informatisé de gestion en temps réel et une détermination plus précise du débit environnemental. Cette analyse est l’occasion de mettre en évidence à quel point ces dispositifs sociotechniques, loin de se contenter de gérer, d’un point de vue purement technique, la ressource en eau, se sont transformés en instruments de gouvernement de celle-ci, neutralisant certaines dispositions réglementaires et certains objectifs de politiques publiques au cœur de l’agenda de transformation du pays. En outre, nous démontrons que cette pénurie est tout autant sinon plus un construit, découlant des choix de gestion, qu’une réelle fatalité sur la Crocodile.
520 _aManaging or governing water resources? Real-time model and the management of the scarcity on the Crocodile River (South Africa)In this article we analyse three sociotechnical devices that have been implemented to deal with water scarcity on the Crocodile River (South Africa): a resource re-allocation and redistribution process called “compulsory licensing”, a computerised real-time management model and the operationalisation of environmental flows on a monthly and even daily basis. Our analysis highlights the extent to which such sociotechnical devices, far from managing water resources from a purely technical perspective, actually perform as instruments governing water resources. In that respect, they have been able to neutralise specific regulatory provisions and public policy objectives that were at the heart of South Africa’s transformation agenda. In addition, we demonstrate that water scarcity does not represent a real fatality on the Crocodile River but largely stems from management decisions.
690 _aAfrique du Sud
690 _adispositifs sociotechniques
690 _aenvironnement
690 _agouvernance
690 _apénurie en eau
690 _aenvironment
690 _agovernance
690 _asociotechnical devices
690 _aSouth Africa
690 _awater scarcity
786 0 _nNatures Sciences Sociétés | 25 | 2 | 2017-06-29 | p. 134-147 | 1240-1307
856 4 1 _uhttps://stm.cairn.info/revue-natures-sciences-societes-2017-2-page-134?lang=fr&redirect-ssocas=7080
999 _c1665960
_d1665960